[Event "Landesliga U20 Sued 1516"]
[Site "Bayern"]
[Date "2016.02.27"]
[Round "6.2"]
[White "Hilger, Sebastian"]
[Black "Leitritz, David"]
[Result "0-1"]
[WhiteElo "1395"]
[BlackElo "1794"]
[PlyCount "52"]
[EventDate "2015.11.21"]
[EventType "team-tourn"]
[EventRounds "7"]
[EventCountry "GER"]
[SourceTitle "EXT 2022"]
[Source "ChessBase"]
[SourceDate "2021.10.06"]
[SourceVersion "1"]
[SourceVersionDate "2021.10.06"]
[SourceQuality "1"]
[WhiteTeam "Vaterstetten Grasbrunn U20"]
[BlackTeam "Muenchen Tarrasch U20"]
[WhiteTeamCountry "GER"]
[BlackTeamCountry "GER"]

1. e4 c5 2. Nf3 e6 3. d4 cxd4 4. Nxd4 a6 5. Nc3 Qc7 6. Be3 Nf6 7. Be2 Bb4 8. Qd3 0-0 9. f4 d6 10. Bd2 Nbd7 11. 0-0-0 Nc5 12. Qe3 Bxc3 13. Bxc3 Nfxe4 14. Bf3 Nxc3 15. Qxc3 Qe7 16. Rhe1 Qf6 17. g3 Bd7 18. g4 Na4 19. Qc7 Bb5 20. Bxb7 Rad8 21. Nxb5 axb5 22. Rxd6 Qxb2+ 23. Kd1 Nc3+ 24. Kd2 Qb4 25. Kd3 Nd5 26. Rxd5 Qxe1 0-1

[Event "Landesliga U20 Sued 1314"]
[Site "Bayern"]
[Date "2013.11.16"]
[Round "1.4"]
[White "Kerkhoff, Jan"]
[Black "Leitritz, David"]
[Result "1-0"]
[WhiteElo "1745"]
[BlackElo "1794"]
[PlyCount "102"]
[EventDate "2013.11.16"]
[EventType "team-tourn"]
[EventRounds "7"]
[EventCountry "GER"]
[SourceTitle "EXT 2022"]
[Source "ChessBase"]
[SourceDate "2021.10.06"]
[SourceVersion "1"]
[SourceVersionDate "2021.10.06"]
[SourceQuality "1"]
[WhiteTeam "Unterhaching U20"]
[BlackTeam "Muenchen Tarrasch U20"]
[WhiteTeamCountry "GER"]
[BlackTeamCountry "GER"]

1. e4 c6 2. d4 d5 3. e5 Bf5 4. c3 Nd7 5. Bd3 Bxd3 6. Qxd3 e6 7. Nf3 c5 8. 0-0 Ne7 9. Na3 a6 10. Nc2 Nc6 11. Be3 Be7 12. Rab1 cxd4 13. cxd4 0-0 14. a3 f6 15. exf6 Nxf6 16. Rfe1 Ne4 17. Nd2 Nxd2 18. Bxd2 Rf6 19. Re2 Qd7 20. Rbe1 Raf8 21. Qh3 Nd8 22. Ba5 Rh6 23. Qc3 Nc6 24. Bb6 Bd6 25. h3 Rff6 26. Ne3 Rhg6 27. Ng4 Rf5 28. Ne5 Nxe5 29. dxe5 Be7 30. Qc7 Qxc7 31. Bxc7 Rf3 32. Rc1 Rb3 33. Bd6 Bxd6 34. exd6 Kf7 35. Rc7+ Ke8 36. Re7+ Kd8 37. R2xe6 Rxe6 38. Rxe6 Kd7 39. Re7+ Kxd6 40. Rxg7 Rxb2 41. Rxh7 Rb1+ 42. Kh2 d4 43. Rh8 Rb3 44. Rd8+ Kc5 45. h4 Rb6 46. g4 Kc4 47. g5 Rg6 48. f4 Re6 49. f5 Re2+ 50. Kg1 Re1+ 51. Kf2 Rh1 1-0